000 00669nam a22002177a 4500
005 20150716120536.0
008 140714b xxu||||| |||| 00| 0 Urdu d
010 _aUR-9206
020 q _c100.00
035 _aU-7761
037 _bDBAD/Pub.
040 _aDPL
_bUrdu
082 _a841
100 _aشا ہد ا ختر
245 _aنقد جا ن
_cشا ہد ا ختر
246 _aNaqd-e- Jaan
_bBy Shahid Akhtar
260 _aBhopal
_c2010
_bSecretary Madya Pardesh Urdu Acedemy
270 _aMalar Mosy Sanskriti Bhawan Baan Ganga Road,
_bBhopal
_e462003
_k09302914983
300 _a127ص
_c22Cm (Hb)
942 _2ddc
_cUR
_e
_h841
_mش ا ہ
999 _c94980
_d94980